• 首页
  • 本馆介绍
  • 公告通知
  • 最新文献
  • 馆藏检索
  • 电子资源
  • 读者导购
  • 参考咨询
  • 我的图书馆
  • 登录
  • 详细信息显示
  • 放入我的书架
  • 预约/预借图书
  • 作者相关作品
  • 分类相关作品
  • 丛书相关作品
  • 出版社相关作品

书目信息

  • 表格格式
  • 工作单格式
  • 卡片格式
题名:
信及录鸦片事略
    
 
作者: 林则徐 , 李圭 著
分册:  
出版信息: 上海   上海书店  1982.4
页数: 271页
开本: 20cm
丛书名:
单 册:
中图分类: K253.06
科图分类:
主题词: 中国--历史--1840~1949
电子资源:
ISBN:
000 00595nam0 2200205 45
001 0312221749
005 20031222171239.6
010    @dCNY0.92
100    @a20031222d1982 km y0chiy0120 ea
101    @achi
105    @a z 000yy
200 1  @a信及录鸦片事略@AXin Ji Lu Ya Pian Shi Lue@f(清)林则徐,李圭著@F(Qing)Lin Ze Xu,Li Gui Zhu
210    @a上海@c上海书店@d1982.4
215    @a271页@c影印@d20cm
606 0  @a中国@x历史@z1840~1949
690    @aK253.06@v3
701 0  @a林则徐@4著
701 0  @a李圭@4著
801    @aCN@bTSTCL@c20031222
905    @a213230@dK253.06@e5@b217058-060@f3
    
    信及录鸦片事略/(清)林则徐,李圭著.-上海:上海书店,1982.4
    271页:影印;20cm
    
    
    ISBN :CNY0.92
    
●
相关链接 在E读中查询图书 在五车中查询图书 在当当中查询图书 在豆瓣中查询图书


正题名:信及录鸦片事略     索取号:K253.06/5         预约/预借

序号 登录号 条形码 馆藏地/架位号 状态 备注
1 0217058   000753063   第二借阅区/ [索取号:K253.06/5] 在馆    
2 0217059   000753054   第二借阅区/ [索取号:K253.06/5] 在馆    
3 0217060   000753072   第二借阅区/ [索取号:K253.06/5] 在馆    
唐山师范学院图书馆 欢迎您!
大连网信软件有限公司© 版权所有